Catálogo

SQL for data analytics : (Registro nro. 40629)

Detalles MARC
000 -LEADER
fixed length control field 01290cam a2200325 i 4500
001 - CONTROL NUMBER
control field 40629
003 - CONTROL NUMBER IDENTIFIER
control field Mx-PuUPA
005 - DATE AND TIME OF LATEST TRANSACTION
control field 20220323122215.0
008 - FIXED-LENGTH DATA ELEMENTS--GENERAL INFORMATION
fixed length control field 140415s2019 uk ad gr 001 0 eng d
020 ## - INTERNATIONAL STANDARD BOOK NUMBER
International Standard Book Number 9781789807356
040 ## - CATALOGING SOURCE
Original cataloging agency Mx-PuUPA
Language of cataloging spa
Transcribing agency Mx-PuUPA
Modifying agency Mx-PuUPA
Description conventions rda
041 0# - LANGUAGE CODE
Language code of text/sound track or separate title eng
100 1# - MAIN ENTRY--PERSONAL NAME
Personal name Malik, Upom,
9 (RLIN) 11530
Relator term autor
245 10 - TITLE STATEMENT
Title SQL for data analytics :
Remainder of title perform fast and efficient data analysis with the power of SQL /
Statement of responsibility, etc. Upom Malik, Matt Goldwasser, Benjamin Johnston
250 ## - EDITION STATEMENT
Edition statement First published
264 #1 - PRODUCTION, PUBLICATION, DISTRIBUTION, MANUFACTURE, AND COPYRIGHT NOTICE
Place of production, publication, distribution, manufacture Birmingham, UK :
Name of producer, publisher, distributor, manufacturer Packt Publishing,
Date of production, publication, distribution, manufacture, or copyright notice 2019
300 ## - PHYSICAL DESCRIPTION
Extent vii, 358 páginas, 6 páginas sin numerar :
Other physical details ilustraciones, diagramas ;
Dimensions 24 cm
336 ## - CONTENT TYPE
Fuente rdacontent
Content type term texto
Content type code txt
337 ## - MEDIA TYPE
Source rdamedia
Media type term sin medio
Media type code n
338 ## - CARRIER TYPE
Source rdacarrier
Carrier type term volumen
Carrier type code nc
650 #7 - SUBJECT ADDED ENTRY--TOPICAL TERM
Topical term or geographic name entry element SQL (Lenguajes de programación de computadoras)
Source of heading or term armarc
650 #7 - SUBJECT ADDED ENTRY--TOPICAL TERM
Topical term or geographic name entry element Procesamiento de datos
Source of heading or term armarc
700 1# - ADDED ENTRY--PERSONAL NAME
Personal name Goldwasser, Mat,
Relator term autor
700 1# - ADDED ENTRY--PERSONAL NAME
Personal name Johnston, Benjamin,
Relator term autor
942 ## - ADDED ENTRY ELEMENTS (KOHA)
Source of classification or shelving scheme Dewey Decimal Classification
Koha item type Libro
Classification part 005.13
Item part M236
Existencias
Withdrawn status Lost status Source of classification or shelving scheme Damaged status Not for loan Collection code Home library Current library Shelving location Date acquired Source of acquisition Total Checkouts Total Renewals Full call number Barcode Date last seen Date last checked out Price effective from Koha item type Cost, normal purchase price Copy number Cost, replacement price
    Dewey Decimal Classification   Consulta en sala Magisterial Biblioteca Karol Wojtyla Biblioteca Karol Wojtyla Sala general 03/12/2013 Compra 1 1 005.13 M236 2019 61254 05/01/2026 30/06/2021 03/12/2013 Magisterial      
    Dewey Decimal Classification     General Biblioteca Karol Wojtyla Biblioteca Karol Wojtyla Sala general 31/10/2024 2 2   005.13 M236 2019 102505 11/03/2026 26/02/2026 31/10/2024 Libro 781.71 Ej.2 781.71